Discographie de Iron Maiden - Statistiques

Statistiques générales
  • Ce quiz a été pris 3 fois
  • Le résultat moyen est 53 sur 224
Statistiques - réponses
Réponse Date de sortie % Correct
Iron Maiden 1980
100%
Run to the Hills
100%
The Number of the Beast 1982
100%
The Number of the Beast (live)
100%
The Trooper
100%
Afraid to Shoot Stranger
67%
Dance of Death 2003
67%
Die With Your Boots On
67%
Fear of the Dark 1992
67%
Killers 1981
67%
Killers (live)
67%
Phantom of the Opera
67%
Phantom of the Opera (live)
67%
Piece of Mind 1983
67%
Powerslave 1984
67%
Senjutsu 2021
67%
Seventh Son of a Seventh Son 1988
67%
Somewhere in Time 1986
67%
Stratego
67%
The Book of Souls 2015
67%
The Prisoner
67%
The Prisoner (live)
67%
The X Factor 1995
67%
Virtual XI 1998
67%
Where Eagles Dare
67%
22 Acacia Avenue
33%
2 A.M.
33%
2 Minutes to Midnight
33%
Aces High
33%
Age of Innocence
33%
Alexander the Great
33%
A Matter of Life and Death 2006
33%
Be Quick or Be Dead
33%
Brave New World 2000
33%
Brighter Than a Thousand Suns
33%
Can I Play with Madness
33%
Caught Somewhere in Time
33%
Charlotte the Harlot
33%
Childhood's End
33%
Death of the Celts
33%
Drifter
33%
Drifter (live)
33%
El Dorado
33%
Empire of the Clouds
33%
Flash of the Blade
33%
For the Greater Good of God
33%
From Here to Eternity
33%
Futureal
33%
Gangland
33%
Genghis Khan
33%
Hallowed Be Thy Name
33%
Heaven Can Wait
33%
Hell on Earth
33%
Holy Smoke
33%
Hooks in You
33%
Hooks in You (live)
33%
If Eternity Should Fail
33%
Innocent Exile
33%
Invaders
33%
Montségur
33%
Moonchild
33%
Mother Russia
33%
Murders in the Rue Morgue
33%
No More Lies
33%
No Prayer for the Dying 1990
33%
No Prayer for the Dying (live)
33%
Paschendale
33%
Prowler
33%
Purgatory
33%
Remember Tomorrow
33%
Remember Tomorrow (live)
33%
Revelations
33%
Rime of the Ancient Mariner
33%
Running Free
33%
Run Silent Run Deep
33%
Sanctuary
33%
Satellite 15... The Final Frontier
33%
Sea of Madness
33%
Shadows of the Valley
33%
Speed of Light
33%
Still Life
33%
Still Life (live)
33%
Stranger in a Strange Land
33%
Strange World
33%
Sun and Steel
33%
Tears of a Clown
33%
The Angel and the Gambler
33%
The Clairvoyant
33%
The Clairvoyant (live)
33%
The Duellists
33%
The Fallen Angel
33%
The Final Frontier 2010
33%
The Ides of March
33%
The Loneliness of the Long Distance Runner
33%
The Red and the Black
33%
The Writing on the Wall
33%
Total Eclipse
33%
To Tame a Land
33%
Transylvania
33%
Wasted Years
33%
Wasting Love
33%
Weekend Warrior
33%
When the River Runs Deep
33%
When the Wild Wind Blows
33%
Women in Uniform Skyhooks cover
33%
Wrathchild
33%
All in Your Mind Stray cover
0%
Another Life
0%
Back in the Village
0%
Black Bart Blues
0%
Blood Brothers
0%
Blood on the World's Hands
0%
Blood on the World's Hands (live)
0%
Bring Your Daughter... to the Slaughter
0%
Burning Ambition
0%
Chains of Misery
0%
Charlotte the Harlot '88
0%
Children of the Damned
0%
Coming Home
0%
Communication Breakdown Led Zeppelin cover
0%
Como Estais Amigos
0%
Cross-Eyed Mary Jethro Tull cover
0%
Darkest Hour
0%
Days of Future Past
0%
Death or Glory
0%
Deja-Vu
0%
Different World
0%
Don't Look to the Eyes of a Stranger
0%
Dream of Mirrors
0%
Face in the Sand
0%
Fates Warning
0%
Fear Is the Key
0%
Flight of Icarus
0%
Fortunes of War
0%
Gates of Tomorrow
0%
Ghost of the Navigator
0%
I Can't See My Feelings Budgie cover
0%
I Live My Way
0%
I'm a Mover Free cover
0%
Infinite Dreams
0%
Infinite Dreams (live)
0%
Invasion
0%
Isle of Avalon
0%
I've Got the Fire Montrose cover
0%
I've Got the Fire (live) Montrose cover
0%
Journeyman
0%
Juanita Marshall Fury cover
0%
Judas Be My Guide
0%
Judgement Day
0%
Judgement of Heaven
0%
Justice of the Peace
0%
Kill Me Ce Soir Golden Earring cover
0%
King of Twilight Nektar cover
0%
Lightning Strikes Twice
0%
Look for the Truth
0%
Lord of Light
0%
Lord of the Flies
0%
Losfer Words (Big 'Orra)
0%
Lost in a Lost World
0%
Man on the Edge
0%
Massacre Thin Lizzy cover
0%
Mission from 'Arry
0%
Mother of Mercy
0%
New Frontier
0%
Nodding Donkey Blues
0%
Only the Good Die Young
0%
Out of the Shadows
0%
Out of the Silent Planet
0%
Prodigal Son
0%
Prowler '88
0%
Public Enema Number One
0%
Public Enema Number One (live)
0%
Quest for Fire
0%
Rainbow's Gold Beckett cover
0%
Rainmaker
0%
Reach Out The Entire Population of Hackney cover
0%
Roll Over Vic Vella
0%
Sheriff of Huddersfield
0%
Sign of the Cross
0%
Space Station No. 5 Montrose cover
0%
Starblind
0%
Tailgunner
0%
That Girl FM cover
0%
The Aftermath
0%
The Aftermath (live)
0%
The Alchemist
0%
The Apparition
0%
The Assassin
0%
The Clansman
0%
The Edge of Darkness
0%
The Educated Fool
0%
The Evil That Men Do
0%
The Fugitive
0%
The Great Unknown
0%
The Legacy
0%
The Longest Day
0%
The Man of Sorrows
0%
The Man Who Would Be King
0%
The Mercenary
0%
The Nomad
0%
The Parchment
0%
The Pilgrim
0%
The Prophecy
0%
The Reincarnation of Benjamin Breeg
0%
These Colours Don't Run
0%
The Talisman
0%
The Thin Line Between Love & Hate
0%
The Time Machine
0%
The Unbeliever
0%
The Wicker Man
0%
Twilight Zone
0%
When Two Worlds Collide
0%
Wildest Dreams
0%
Aucun quiz correspondant
Distribution des résultats
% des personnes avec chaque résultat
Percentile par nombre de réponses
Votre historique - résultats
Vous n’avez pas pris ce quiz